A surveyor's guide to the RICS homebuyer service (Record no. 110209)

MARC details
000 -LEADER
fixed length control field 01325cam a22002775a 4500
001 - CONTROL NUMBER
control field L148758
008 - FIXED-LENGTH DATA ELEMENTS--GENERAL INFORMATION
fixed length control field 091104s2009 xxk f 001 0 eng d
020 ## - INTERNATIONAL STANDARD BOOK NUMBER
International Standard Book Number 9781842195116
035 ## - SYSTEM CONTROL NUMBER
System control number (Sirsi) u148758
041 0# - LANGUAGE CODE
Language code of text/sound track or separate title eng
050 04 - LIBRARY OF CONGRESS CALL NUMBER
Classification number 333.332 $2 18
100 1# - MAIN ENTRY--PERSONAL NAME
Personal name Parnham, Phil
245 02 - TITLE STATEMENT
Title A surveyor's guide to the RICS homebuyer service
260 ## - PUBLICATION, DISTRIBUTION, ETC.
Place of publication, distribution, etc. Coventry
Name of publisher, distributor, etc. RICS
Date of publication, distribution, etc. 2009
300 ## - PHYSICAL DESCRIPTION
Extent vi, 229p.
Other physical details ill.
Dimensions 30cm.
350 ## - PRICE (NR) (BK AM CF MU VM SE) [OBSOLETE]
Price 39.50
505 2# - FORMATTED CONTENTS NOTE
Formatted contents note Introduction -- The new homebuyer report -- Preparing for the inspection -- The inspection procedure -- Developing a consistent approach - The conditon rating protocol -- Writing the report -- Making the homebuyer work -- Appendices.
520 ## - SUMMARY, ETC.
Summary, etc. This book is a step-by-step companion which gives expert advice and helpful tips for contracting with the client, conducting and recording the inspection, and producing an HBR report. Also gives clear explanations of the practicalities of delivering the service, illustrated with examples of each stage in the process, including checklists and site notes, and a complete sample report.
521 ## - TARGET AUDIENCE NOTE
Target audience note Advanced
590 ## - LOCAL NOTE (RLIN)
Local note KA
650 24 - SUBJECT ADDED ENTRY--TOPICAL TERM
Topical term or geographic name entry element HOMEBUYERS REPORT
651 #4 - SUBJECT ADDED ENTRY--GEOGRAPHIC NAME
Geographic name United Kingdom
Chronological subdivision
690 ## - LOCAL SUBJECT ADDED ENTRY--TOPICAL TERM (OCLC, RLIN)
Topical term or geographic name as entry element PROPERTY-RESIDENTIAL PROPERTY-RESIDENTIAL PROPERTY APPRAISAL AND VALUATION
942 ## - ADDED ENTRY ELEMENTS (KOHA)
Suppress in OPAC 0
Holdings
Withdrawn status Lost status Source of classification or shelving scheme Damaged status Not for loan Home library Current library Shelving location Date acquired Total Checkouts Full call number Barcode Date last seen Copy number Price effective from Koha item type Date last checked out
    Dewey Decimal Classification     London London RICS Boxes 04/11/2009   RICS 2009/41 30076536 06/08/2019 1 06/08/2019 Archive  
    Dewey Decimal Classification     London London RICS Boxes 04/11/2009   RICS 2009/41 30076537 06/08/2019 1 06/08/2019 Reference material  
    Dewey Decimal Classification     London London RICS Boxes 04/11/2009 4 RICS 2009/41 30076538 06/08/2019 2 06/08/2019 Book 26/01/2010